Teatro nacional rioplatense (Record no. 133155)

MARC details
000 -LEADER
campo de control de longitud fija 00475nam a2200157 i 4500
001 - NÚMERO DE CONTROL
campo de control 133155
003 - IDENTIFICADOR DE NÚMERO DE CONTROL
campo de control ES-MaACL
005 - FECHA Y HORA DE LA ÚLTIMA TRANSACCIÓN
campo de control 20230906194333.0
007 - CAMPO FIJO DE DESCRIPCIÓN FÍSICA--INFORMACIÓN GENERAL
campo de control de longitud fija t|
008 - DATOS DE LONGITUD FIJA--INFORMACIÓN GENERAL
campo de control de longitud fija 070214s1910 sp r ||||1| spa d
100 1# - ENTRADA PRINCIPAL--NOMBRE DE PERSONA
Nombre de persona Rossi, Vicente.
9 (RLIN) 99888
245 10 - MENCIÓN DEL TÍTULO
Título Teatro nacional rioplatense
Resto del título : contribución a su análisis y a su historia /
Mención de responsabilidad, etc. Vicente Rossi.
260 ## - PUBLICACIÓN, DISTRIBUCIÓN, ETC.
Lugar de publicación, distribución, etc. Río de la Plata :
Nombre del editor, distribuidor, etc. Beltrán y Rossi,
Fecha de publicación, distribución, etc. 1910.
300 ## - DESCRIPCIÓN FÍSICA
Extensión 198 p. ;
Dimensiones 27 cm.
852 ## - LOCALIZACIÓN
Ubicación ES-MaACL
Número de control de estantería A-2037
Holdings
Estatus retirado Estado de pérdida Estado de daño No para préstamo Biblioteca de origen Biblioteca actual Ubicación en estantería Fecha de adquisición Fuente de adquisición Total de préstamos Signatura topográfica completa Código de barras Visto por última vez Precio de reemplazo Tipo de ítem Koha
        Biblioteca del Ateneo de Madrid Biblioteca del Ateneo de Madrid Sala Pecera Planta 1 17/01/2008     A-2037 1138621 23/02/2023 23/02/2023 Libro impreso